00459nam a22001697a 450000500170000001000150001702000250003203500130005703700130007008200120008310000120009524500500010726000560015727000240021330000220023765000300025920100817125011.0 aENG-100685 a9788170588795c85.00 aEN-84218 bDBAD/PUB a181.499 aPavitra aConsevations with Sri Aurobindo /cby Pavitra aPondicherrybSri Aurobindo Ashram Publicationc2007 bPondicherrye605002 a165p.c21cm (pbk) aMordern Indian Philosophy